1777 1410 1543 1811 1721 1959 1171 1973 1416 1503 1839 1401 1412 1509 1538 1881 1177 1976 1521 1744 1721 1949 1130 1489 1343 1271 1752 1147 1541 1987 1128 1394 1158 1025 1156 1921 1472 1769 1790 1148 1250 1313 1092 1164 1116 1712 1018 1551 1476 1855 1346 1508 1644 1419 1534 1565 1988 1786 1338 1712 1100 1701 1531 1294 1828 1638 1925 1992 1423 1000 1979 1742 1444 1044 1477 1237 1181 1696 1189 1718 1139 1192 1502 1632 1595 1883 1198 1539 1150 1425 1341 1204 1601 1234 1891 1809 1308 1093 1183 BCNSPRNW ULIB Ver.6.0+V

เปลี่ยนเป็นภาษาไทย

Change to English
 แสดงรายละเอียดบรรณานุกรม
  กลับหน้าหลัก

Brief Record : Get Marc (ISO 2709) : E-mail record : QR code < ปิดหน้าต่าง
LEADER : 00000nam 2200000uu 4500
001    13399114559
003     ULIB
008    110627s2550||||th 000 0 tha d
020    9789749899342
090    นว.^bย731ค ล.9
100 0  โยโคมิโซะ เซซิ
245 00 คินดะอิจิยอดนักสืบ ตอนที่ 9 ในห้องที่ปิดตาย /^cโยโคมิโซะ เซซิ
250    พิมพ์ครั้งที่ 1
260    กรุงเทพฯ :^bBLISS publishing,^c2550
300    284 หน้า
710 1  BLISS publishing
945    ^p220^l0^i022063
995    ทศพร
999 ^a ใช้งานได้ทุกระบบ
รายการนี้ยังไม่มีแท็ก
คุณยังไม่ได้ล็อกอิน คุณสามารถมีกิจกรรมร่วมกับเว็บไซต์ได้ แต่ต้องล็อกอินก่อน ::
  ล็อกอิน

รายการสื่อสารสนเทศ

ลำดับที่ ประเภท เลขเรียก/บาร์โค้ด สถานที่ สถานะ
1. นวนิยาย
นวนิยาย
นว. ย731ค ล.9 ฉ.1 
  Barcode: 022063
ห้องสมุดวิทยาเขตสวรรค์ประชารักษ์
►นวนิยาย
บนชั้น
  ขอยืม

รายการใกล้เคียง
    ผู้แต่ง [โยโคมิโซะ เซซิ]

BibComment


ยังไม่เคยถูกคอมเมนท์

คอมเมนท์ทรัพยากรรายการนี้
  คอมเมนท์: คินดะอิจิยอดนักสื..


 Copyright 2026. Bcnsprnw @Library